Stades de football français - Statistiques

Statistiques générales
  • Ce quiz a été pris 560 fois
  • Le résultat moyen est 25 sur 56
Statistiques - réponses
Hint Réponse % Correct
Olympique de Marseille Stade Vélodrome
91%
Paris Saint-Germain Parc des Princes
88%
Toulouse FC Stadium de Toulouse
87%
Olympique Lyonnais Groupama Stadium
82%
FC Nantes Stade de la Beaujoire / Stade Louis Fonteneau
82%
AS Monaco Stade Louis II
81%
RC Lens Stade Bollaert Delelis
75%
AS Saint-Étienne Stade Geoffroy Guichard
75%
FC Girondins de Bordeaux Matmut Atlantique
72%
LOSC Lille Décathlon Aréna / Stade Pierre Mauroy
71%
Amiens SC Stade de la Licorne
71%
OGC Nice Allianz Riviera
70%
US Concarneau Stade de Roudourou
68%
En Avant Guingamp Stade de Roudourou
68%
Montpellier Hérault SC Stade de la Mosson
66%
Stade Rennais FC Roazhon Park
64%
AJ Auxerre Stade de l'Abbé Deschamps
63%
Stade Brestois 29 Stade Francis Le Blé
63%
US Concarneau Stade Francis Le Blé
63%
Havre AC Stade Océane
61%
RC Strasbourg Alsace Stade de la Meinau
60%
FC Metz Stade Saint Symphorien
59%
US Concarneau Stade du Moustoir
57%
FC Lorient Stade du Moustoir
57%
SC Bastia Stade Armand Césari
54%
Angers SCO Stade Raymond Koppa
53%
Paris FC Stade Charléty
48%
Grenoble Foot 38 Stade des Alpes
47%
Stade de Reims Stade Auguste Delaune
46%
ESTAC Troyes Stade de l'Aube
45%
Stade Malherbe Caen Stade Michel d'Ornano
41%
Clermont Foot 63 Stade Gabriel Montpied
38%
AS Nancy Lorraine Stade Marcel Picot
36%
Dijon FCO Stade Gaston Gérard
33%
FC Annecy Parc des Sports
30%
Evian Thonon Gaillard FC Parc des Sports
30%
AC Ajaccio Stade François Coty
27%
Valenciennes FC Stade du Hainaut
24%
Pau FC Nouste Camp
20%
Stade Lavallois MFC Stade Francis Le Basser
20%
FC Sochaux Montbéliard Stade Auguste Bonal
19%
Quevilly Rouen Métropole Stade Robert Diochon
18%
La Berrichone de Châteauroux Stade Gaston Petit
17%
Le Mans FC Stade Marie Marvingt
15%
US Boulogne Côte D'Opale Stade de la Libération
14%
USL Dunkerque Stade Marcel Tribut
14%
Gazélec FC Ajaccio Stade Ange Casanova
13%
Nîmes Olympique Stade des Antonins
13%
Tours FC Stade de la Vallée du Cher
12%
Rodez Aveyron Foot Stade Paul Lignon
11%
CS Sedan Ardennes Stade Louis Dugauguez
9%
Chamois Niortais FC Stade René Gaillard
9%
US Créteil Stade Dominique Duvauchelle
8%
FC Istres Ouest Provence Stade Parsemain
6%
FC Gueugnon Stade Jean Laville
3%
AC Arles Avignon Stade Fernand Fournier
1%
Aucun quiz correspondant
Distribution des résultats
% des personnes avec chaque résultat
Percentile par nombre de réponses
Votre historique - résultats
Vous n’avez pas pris ce quiz